| 000 | 00477nam a22001697a 4500 | ||
|---|---|---|---|
| 003 | CEME | ||
| 005 | 20210628205828.0 | ||
| 008 | 210317b xxu||||| |||| 00| 0 eng d | ||
| 040 | _c. | ||
| 082 | _a616 MUS | ||
| 100 |
_aMian Mushtaq Ahmed Azeemi Mushtaq Ahmed Azeemi, Mian Azeemi, Mian Mushtaq Ahmed _977167 |
||
| 245 | _aBaymarion kay panch jadeed aalaj | ||
| 260 |
_aMAKTABA AZEEMIA _cLAHORE |
||
| 300 | _a1997 | ||
| 650 |
_aMEDICAL TREATMENT _977168 |
||
| 942 |
_cBK _2ddc |
||
| 999 |
_c582484 _d582484 |
||